00466nam a2200181 a 4500001001300000003000900013005001700022008004100039020002300080082001300103100001900116245003800135260003300173300000900206500003500215505002100250650001300271nice12345678IN_TiNIC20260116012814.0050524s1983 newa grp 000 0 eng  a0883444 c10000a266bSEN aSenior, Donald aBiblical Foundations for Mission. aNew YorkbOrbis Books c1983 a371p aincludes index and biblioraphy2 aIndex of Subject aMissions